Detalles MARC
| 000 -LEADER |
| longitud fija campo de control |
02403aab a2200517 a 4500 |
| 003 - IDENTIFICADOR DE NUMERO DE CONTROL |
| control del campo |
AR-RoUNA |
| 008 - CAMPO DE CONTROL - LIBROS |
| longitud fija campo de control |
140529||||||||||||||||| |||| 0|||| d |
| 022 ## - ISSN |
| ISSN |
0210-2080 |
| 040 ## - ORIGEN DE LA CATALOGACION |
| Agencia que cataloga la obra original |
AR-RoUNA |
| Idioma en que se cataloga |
spa |
| 041 ## - CODIGO DE IDIOMA |
| Codigo de idioma del texto / sonido o titulo separado |
spa |
| -- |
eng |
| 044 ## - CODIGO DE PAIS / ENTIDAD PRODUCTORA |
| Codigo MARC del pais |
sp |
| 080 ## - CDU |
| Numero de clasificacion |
72.036 |
| 092 ## - SIGNATURA TOPOGRAFICA |
| Libristica |
LL792 |
| 245 ## - TITULO PROPIAMENTE DICHO |
| Titulo |
On Diseño |
| Numero de la parte / seccion de una obra |
Nº 149 |
| 260 ## - EDITORIAL - PUBLICACION, DISTRIBUCION, ETC. (Pie de imprenta) |
| Lugar de publicacion, distribucion, etc |
Barcelona : |
| Nombre del editor, distribuidor, etc |
On Diseño, |
| Fecha de publicacion |
1998 |
| 300 ## - DESCRIPCION FISICA |
| Extension |
181 p. : |
| Otros detalles fisicos |
planos, |
| -- |
plantas, |
| -- |
fot. col., |
| Dimensiones |
29x24 cm |
| 505 0# - NOTA DE CONTENIDO CON FORMATO |
| Título |
Ambros Jordi / El espacio del trabajo. p. 64 |
| 505 0# - NOTA DE CONTENIDO CON FORMATO |
| Título |
ESPACIOS GENÉRICOS |
| 505 0# - NOTA DE CONTENIDO CON FORMATO |
| Título principal |
Álvarez Sala Enrique, Rubio Carlo y Ruiz Larrea César / Edificio de oficinas en Madrid. p. 70 |
| 505 0# - NOTA DE CONTENIDO CON FORMATO |
| Título |
ESPACIOS VINCULADOS A LA PRODUCCION |
| 505 0# - NOTA DE CONTENIDO CON FORMATO |
| Título principal |
Bach Jaume y Mora Gabriel/ Renovación de un edificio industrial en Bigues. (Barcelona). p. 80 |
| 505 0# - NOTA DE CONTENIDO CON FORMATO |
| Título principal |
Cinnamod Norman, Torrentó Carlos y Sala Antoni / Edificio industrial en el Parc Tecnologic. Parque tecnológico. p. 86 |
| 505 0# - NOTA DE CONTENIDO CON FORMATO |
| Título principal |
Salas Fernando, interiorista / Oficinas en Sant Just Desvern. (Barcelona). p. 94 |
| 505 0# - NOTA DE CONTENIDO CON FORMATO |
| Título |
ESPACIOS VINCULADOS A LA CREACIÓN |
| 505 0# - NOTA DE CONTENIDO CON FORMATO |
| Título principal |
Conde Santiago, Ferrater Carlos, Henrich Jordi/ Estudio de diseño gráfico en Barcelona. p. 100 |
| 505 0# - NOTA DE CONTENIDO CON FORMATO |
| Título principal |
Rodon Joan / Estudio de arquitectura en Sant Gervasi. (Barcelona). p. 106 |
| 505 0# - NOTA DE CONTENIDO CON FORMATO |
| Título principal |
Briones M. Dalmau T. y Marqués (B.D.M arquitectos) Despacho para notaría en Barcelona. p. 112 |
| 505 0# - NOTA DE CONTENIDO CON FORMATO |
| Título principal |
Cosín Pepe y Miralles Aurelio/ Oficina de Ingeniería en Valencia. p. 118 |
| 505 0# - NOTA DE CONTENIDO CON FORMATO |
| Título principal |
Oleguer Marc/ La nueva oficina. p. 126 |
| 505 0# - NOTA DE CONTENIDO CON FORMATO |
| Título |
DISEÑO |
| 505 0# - NOTA DE CONTENIDO CON FORMATO |
| Título principal |
Los tiempos están cambiando. p. 131 |
| 505 0# - NOTA DE CONTENIDO CON FORMATO |
| Título |
ESPACIOS VINCULADOS A LA GESTIÓN |
| 505 0# - NOTA DE CONTENIDO CON FORMATO |
| Título principal |
Pérez Medina Diego / Nueva comisaría de policía en Madrid. p. 150 |
| 505 0# - NOTA DE CONTENIDO CON FORMATO |
| Título principal |
Vélez Antonio y Abad Manuel / Rehabilitación del edificio de Correos (Madrid). p. 158 |
| 505 0# - NOTA DE CONTENIDO CON FORMATO |
| Título principal |
Estudio López - Amor y Asociados / Rehabilitación del edificio de la Telefónica en Madrid. p. 168 |
| 505 0# - NOTA DE CONTENIDO CON FORMATO |
| Título principal |
Origlia Giorgio/ Cambios imperceptibles. p. 178 |
| 650 4# - MATERIA - TERMINO TEMATICO |
| Término tematico general |
Arquitectura contemporanea |
| 9 (RLIN) |
12617 |
| 650 4# - MATERIA - TERMINO TEMATICO |
| Término tematico general |
Diseño |
| 9 (RLIN) |
3694 |
| 700 1# - ENTRADA SECUNDARIA - NOMBRES PERSONALES |
| Nombre personal |
Llopis, Carme |
| Función |
dir. |
| 9 (RLIN) |
12618 |
| 773 ## - ENTRADA DEL ITEM MAYOR |
| Entrada principal |
On Diseño |
| Lugar, editorial y fecha de la publicación |
Barcelona, AramEdiciones S.A, |
| Vol. - nro. (mes-año), pág. |
149 ( 1994 ). p.181 |
| ISSN |
0210-2080 |
| 908 ## - SOPORTE |
| Soporte |
Imp |
| 930 ## - ACCESION |
| Numero de accesion (NR) |
6171 |
| 942 ## - FUENTE DE CLASIFICACION |
| Clasificacion |
Universal Decimal Classification |
| Tipo de item |
Analítica |
| 945 ## - INFORMACION DE PROCESAMIENTO |
| Codigo del operador |
MBP |
| Fecha de ingreso o modificacion |
2019-02-19 |
| 980 ## - EQUIVALENCE OR CROSS-REFERENCE-SERIES STATEMENT--PERSONAL NAME/TITLE [LOCAL, CANADA] |
| Linkage |
1 |
| Personal name |
Maricel Allasia |
| Field link and sequence number |
1 |
| Miscellaneous information |
Maricel Allasia |